000 01972nam0a2200373 4500
001 RU\NLR\BIBL_A\016313464
005 20230630190902.0
010 _a978-5-00170-692-2
021 _aRU
_bКН-П-23-006159
_9КН-П-23-0600
035 _a(NLR Aleph) 016313464
035 _a(RuMoRGB)011568598
090 _a13009832
_c13009832
100 _a20230316d2022 u y0rusy50 ca
101 1 _arus
_cmac
102 _aRU
105 _ay z 010ay
181 0 _ai4
_baxxe
182 0 _an
200 1 _aПоследний день Мисиркова
_eоднодневная драматическая сага о жизни и смерти балканского Моцарта от лингвистики Крсте Петкова Мисиркова (1874-1926 гг.), Париж, май 2003 г.
_fЙордан Плевнеш
_gперевод с македонского Ольги Панькиной
203 _aТекст
_bвизуальный
_cнепосредственный
210 _aМосква
_cУ Никитских ворот
_d2022
215 _a96 с.
_d21
300 _aНа авантит.: К 120-летию со дня основания Македонского научно-литературного общества в Санкт-Петербурге
300 _aНа 2-й с. авт.: македонский драматург Йордан Плевнеш
300 _aДр. произведения авт. на с. 95-96
600 1 _aМисирков
_bК. П.
_f1874 - 1926
_gКрсте Петков
_xв художественной литературе
_92557658
_3RU\NLR\AUTH\6601725718
686 1 _aШ6(4Ю)37-6{Лх1188-215}
686 1 _aШ2г(4Ю)дМисирков
700 1 _7ca
_8rus
_aПлевнеш
_bЙ.
_f1953-
_gЙордан
_9256496
_3RU\NLR\AUTH\770256552
942 _cBOOK
980 _aNB